000 01289 a2200217 4500
001 54681
005 20260407155821.0
008 260407a1973 arg spa d
003 AR-UNSa-BCEJYS
040 _aAR-UNSa-BCEJYS
_bspa
_cAR-UNSa-BCEJYS
080 _a94(82):32
_xHistoria Política y Constitucional de Argentina
245 1 0 _aFrondizi
_puna historia de política y soledad
264 1 _aBuenos Aires :
_bEdiciones La Bastilla
_c1973
300 _a481 p.
_c20 cm.
505 _aPrimera parte: "No renunciaré..." - I. Un año 58 revolucionario - II. Lo que no ayudó - III. FFAA: Las relaciones peligrosas - IV. La política internacional - V. La caída - VI. Las realizaciones - Segunda parte: "... No me iré del país..." - I. Su vida parlamentaria - II. Preparando el futuro - III. Revolución libertadora: una etapa difícil - IV. Un peligroso tirabuzón - V. La UCRI formula su programa - VI. La avalancha de los votos - VII. La difícil alternativa - VIII. Nace un partido - IX. La revolución argentina - Tercera parte: "... No me suicidaré" - I. El misterioso mundo de sus afectos - II. El perfil de una personalidad
942 _cBK
590 _aniveau_biblio:m niveau_hierar:0
100 1 _aCasas, Nelly
650 _aARTURO FRONDIZI
650 _a arturo frondizi
999 _c5707
_d5707